| 000 | 00880pam a2200265 a 4500 | ||
|---|---|---|---|
| 008 | |||
| 020 | _a0520078853 (pbk.) | ||
| 049 | _aMAIN | ||
| 090 |
_aDT1963 _bHOR |
||
| 100 | 1 | _aHorowitz, Donald L. | |
| 245 | 1 | 2 |
_aA democratic South Africa? : _bconstitutional engineering in a divided society / _cDonald L. Horowitz. |
| 260 |
_aBerkeley : _bUniversity of California Press, _cc1991. |
||
| 300 |
_axvi, 293 p. : _bmap ; _c24 cm. |
||
| 440 | 0 |
_aPerspectives on Southern Africa ; _v46 |
|
| 504 | _aIncludes bibliographical references. | ||
| 500 | _aIncludes index. | ||
| 651 | 0 |
_aSouth Africa _xPolitics and government _y1978- |
|
| 651 | 0 |
_aSouth Africa _xRace relations. |
|
| 650 | 0 | _aDemocracy. | |
| 907 |
_a.b10226461 _b16-09-09 _c24-01-07 |
||
| 003 | |||
| 005 | 20230123134340.0 | ||
| 040 | _cNUST | ||
| 942 |
_cBOOKS _kDT1963 _mHOR |
||
| 999 |
_c164356 _d164356 |
||